North American Sports Teams 2023-24 - Statistics

General Stats
  • This quiz has been taken 53 times
  • The average score is 122 of 162
Answer Stats
Hint Answer % Correct
Georgia NFL: Atlanta Falcons
93%
Illinois NFL: Chicago Bears
93%
Florida NFL: Miami Dolphins
93%
Florida NBA: Miami Heat
93%
Pennsylvania NFL: Philadelphia Eagles
93%
Arizona NFL: Arizona Cardinals
90%
Illinois MLB: Chicago Cubs
90%
Ohio MLB: Cincinnati Reds
90%
California NBA: Los Angeles Lakers
90%
New York NFL: New York Jets
90%
Florida NBA: Orlando Magic
90%
California MLB: San Francisco Giants
90%
Missouri MLB: St. Louis Cardinals
90%
Florida NFL: Tampa Bay Buccaneers
90%
Manitoba NHL: Winnipeg Jets
90%
Massachusetts NBA: Boston Celtics
88%
Massachusetts MLB: Boston Red Sox
88%
Illinois NBA: Chicago Bulls
88%
Illinois MLB: Chicago White Sox
88%
Texas NFL: Dallas Cowboys
88%
Colorado NFL: Denver Broncos
88%
California NBA: Golden State Warriors
88%
Florida NFL: Jacksonville Jaguars
88%
California MLB: Los Angeles Angels
88%
California NFL: Los Angeles Chargers
88%
California NHL: Los Angeles Kings
88%
California NFL: Los Angeles Rams
88%
Minnesota NFL: Minnesota Vikings
88%
Massachusetts NFL: New England Patriots
88%
New York NFL: New York Giants
88%
Pennsylvania MLB: Philadelphia Phillies
88%
Arizona NBA: Phoenix Suns
88%
California NBA: Sacramento Kings
88%
DC NFL: Washington Commanders
88%
Arizona MLB: Arizona Diamondbacks
85%
Georgia MLB: Atlanta Braves
85%
Maryland NFL: Baltimore Ravens
85%
British Columbia CFL: BC Lions
85%
New York NFL: Buffalo Bills
85%
North Carolina NFL: Carolina Panthers
85%
North Carolina NBA: Charlotte Hornets
85%
Colorado MLB: Colorado Rockies
85%
Colorado NBA: Denver Nuggets
85%
Michigan NFL: Detroit Lions
85%
Florida NHL: Florida Panthers
85%
Wisconsin NFL: Green Bay Packers
85%
Texas NBA: Houston Rockets
85%
Texas NFL: Houston Texans
85%
Nevada NFL: Las Vegas Raiders
85%
California MLB: Los Angeles Dodgers
85%
Wisconsin MLB: Milwaukee Brewers
85%
Louisiana NFL: New Orleans Saints
85%
New York NBA: New York Knicks
85%
New York MLB: New York Yankees
85%
California MLB: Oakland Athletics
85%
Oklahoma NBA: Oklahoma City Thunder
85%
Pennsylvania NBA: Philadelphia 76ers
85%
California NFL: San Francisco 49ers
85%
Washington NFL: Seattle Seahawks
85%
Florida MLB: Tampa Bay Rays
85%
Texas MLB: Texas Rangers
85%
Utah NBA: Utah Jazz
85%
DC NBA: Washington Wizards
85%
Georgia NBA: Atlanta Hawks
83%
Massachusetts NHL: Boston Bruins
83%
Texas MLB: Houston Astros
83%
Missouri NFL: Kansas City Chiefs
83%
California NBA: Los Angeles Clippers
83%
Florida MLB: Miami Marlins
83%
Minnesota NBA: Minnesota Timberwolves
83%
Louisiana NBA: New Orleans Pelicans
83%
New York NHL: New York Rangers
83%
Pennsylvania NFL: Pittsburgh Steelers
83%
Oregon NBA: Portland Trailblazers
83%
California MLB: San Diego Padres
83%
Ontario MLB: Toronto Blue Jays
83%
Ontario NHL: Toronto Maple Leafs
83%
Ontario NBA: Toronto Raptors
83%
DC MLB: Washington Nationals
83%
California NHL: Anaheim Ducks
80%
New York NBA: Brooklyn Nets
80%
Illinois NHL: Chicago Blackhawks
80%
Ohio NFL: Cleveland Browns
80%
Texas NBA: Dallas Mavericks
80%
Indiana NBA: Indiana Pacers
80%
Indiana NFL: Indianapolis Colts
80%
Tennessee NBA: Memphis Grizzlies
80%
Wisconsin NBA: Milwaukee Bucks
80%
Minnesota MLB: Minnesota Twins
80%
Minnesota NHL: Minnesota Wild
80%
Quebec NHL: Montreal Canadiens
80%
New York MLB: New York Mets
80%
Pennsylvania NHL: Pittsburgh Penguins
80%
Texas NBA: San Antonio Spurs
80%
California NHL: San Jose Sharks
80%
Missouri NHL: St. Louis Blues
80%
Florida NHL: Tampa Bay Lightning
80%
British Columbia NHL: Vancouver Canucks
80%
DC NHL: Washington Capitals
80%
Maryland MLB: Baltimore Orioles
78%
Ohio NFL: Cincinnati Bengals
78%
Ohio NBA: Cleveland Cavaliers
78%
Ohio MLB: Cleveland Guardians
78%
Michigan NBA: Detroit Pistons
78%
Michigan MLB: Detroit Tigers
78%
Missouri MLB: Kansas City Royals
78%
New Jersey NHL: New Jersey Devils
78%
New York NHL: New York Islanders
78%
Pennsylvania NHL: Philadelphia Flyers
78%
Pennsylvania MLB: Pittsburgh Pirates
78%
Tennessee NFL: Tennessee Titans
78%
Arizona NHL: Arizona Coyotes
75%
North Carolina NHL: Carolina Hurricanes
75%
Colorado NHL: Colorado Avalanche
75%
Ohio NHL: Columbus Blue Jackets
75%
Texas NHL: Dallas Stars
75%
Tennessee NHL: Nashville Predators
75%
Ontario NHL: Ottawa Senators
75%
Nevada NHL: Vegas Golden Knights
75%
New York NHL: Buffalo Sabres
73%
Alberta NHL: Edmonton Oilers
73%
Washington MLB: Seattle Mariners
73%
Alberta NHL: Calgary Flames
70%
Michigan NHL: Detroit Red Wings
70%
Washington NHL: Seattle Kraken
70%
California MLS: LA Galaxy
63%
Utah MLS: Real Salt Lake
60%
Illinois MLS: Chicago Fire FC
58%
DC MLS: D.C. United
58%
Florida MLS: Inter Miami CF
55%
California MLS: Los Angeles FC
55%
Tennessee MLS: Nashville SC
55%
Pennsylvania MLS: Philadelphia Union
55%
Oregon MLS: Portland Timbers
55%
Ontario MLS: Toronto FC
55%
Georgia MLS: Atlanta United FC
53%
Quebec MLS: CF Montréal
53%
Texas MLS: FC Dallas
53%
Massachusetts MLS: New England Revolution
53%
New York MLS: New York Red Bulls
53%
Washington MLS: Seattle Sounders FC
53%
Texas MLS: Austin FC
50%
North Carolina MLS: Charlotte FC
50%
Texas MLS: Houston Dynamo FC
50%
Missouri MLS: St. Louis City SC
50%
Ohio MLS: FC Cincinnati
48%
Minnesota MLS: Minnesota United FC
48%
Florida MLS: Orlando City SC
48%
California MLS: San Jose Earthquakes
48%
Saskatchewan CFL: Saskatchewan Roughriders
48%
Ontario CFL: Toronto Argonauts
45%
Ohio MLS: Columbus Crew
43%
New York MLS: New York City FC
43%
British Columbia MLS: Vancouver Whitecaps FC
43%
Alberta CFL: Calgary Stampeders
40%
Colorado MLS: Colorado Rapids
40%
Ontario CFL: Hamilton Tiger-Cats
40%
Quebec CFL: Montreal Alouettes
38%
Missouri MLS: Sporting Kansas City
38%
Alberta CFL: Edmonton Elk
35%
Ontario CFL: Ottawa Redblacks
33%
Manitoba CFL: Winnipeg Blue Bombers
33%
No matching quizzes found
Score Distribution
Percent of People with Each Score
Percentile by Number Answered
Your Score History
You have not taken this quiz